Meranie a posudzovanie prínosov informačných technológií vo verejnej správe

Efektivita je kľúčovou pre drvivú väčšinu podnikateľských subjektov a inak by tomu nemalo byť ani v prípade hospodárenia s verejnými prostriedkami na úrovni financovania administratívy verejnej správy. Zavedenie e-Government-u a úspory pre štát.

Salvato in:
Dettagli Bibliografici
Autore principale: Potisková, Ingrid
Natura: Capitolo di libro
Lingua:slovacco
Soggetti:
Tags: Aggiungi Tag
Nessun Tag, puoi essere il primo ad aggiungerne!!

MARC

LEADER 00000nla$a2200000$$$4500
001 0119671
005 20240502072332.2
041 0 |a slo 
044 |a SK 
245 1 0 |a Meranie a posudzovanie prínosov informačných technológií vo verejnej správe  |c Ingrid Potisková 
520 |a Efektivita je kľúčovou pre drvivú väčšinu podnikateľských subjektov a inak by tomu nemalo byť ani v prípade hospodárenia s verejnými prostriedkami na úrovni financovania administratívy verejnej správy. Zavedenie e-Government-u a úspory pre štát. 
610 2 0 |a správa verejná 
610 2 0 |a správa verejná elektronická 
610 2 0 |a úspory finančné 
100 1 |a Potisková, Ingrid